|
|
|
|
| LEADER |
00000nam0a2200000 4500 |
| 001 |
336431 |
| 005 |
20231102004843.0 |
| 035 |
|
|
|a (RuTPU)RU\TPU\book\362847
|
| 090 |
|
|
|a 336431
|
| 100 |
|
|
|a 20171013d1975 k y0rusy50 ca
|
| 101 |
0 |
|
|a rus
|
| 102 |
|
|
|a RU
|
| 105 |
|
|
|a a dm 001zy
|
| 200 |
1 |
|
|a Адсорбция органических соединений на ртутном капельном электроде и ее влияние на кинетику электрохимических реакций
|e автореферат диссертации на соискание ученой степени доктора химических наук
|e спец. 02.00.05
|f Б. Н. Афанасьев
|g Ленинградский технологический институт им. Ленсовета (ЛТИ)
|
| 210 |
|
|
|a Ленинград
|c [Б. и.]
|d 1975
|
| 215 |
|
|
|a 40 с.
|c ил.
|
| 300 |
|
|
|a Защита сост. 20.05.1975 г.
|
| 320 |
|
|
|a Библиогр.: с. 36-40 (33 назв.)
|
| 606 |
1 |
|
|a Органические соединения
|x Адсорбция
|2 stltpush
|3 (RuTPU)RU\TPU\subj\75644
|9 87333
|
| 610 |
1 |
|
|a органическая химия
|
| 610 |
1 |
|
|a ртутные капельные электроды
|
| 610 |
1 |
|
|a электрохимические реакции
|
| 610 |
1 |
|
|a кинетика
|
| 610 |
1 |
|
|a электродные процессы
|
| 610 |
1 |
|
|a авторефераты диссертаций
|
| 610 |
1 |
|
|a библиотека А. Г. Стромберга
|
| 675 |
|
|
|a 547:544.7(04)
|v 4
|
| 700 |
|
1 |
|a Афанасьев
|b Б. Н.
|g Борис Николаевич
|
| 712 |
0 |
2 |
|a Ленинградский технологический институт им. Ленсовета (ЛТИ)
|2 stltpush
|3 (RuTPU)RU\TPU\col\1462
|
| 801 |
|
1 |
|a RU
|b 63413507
|c 20171013
|
| 801 |
|
2 |
|a RU
|b 63413507
|c 20180205
|g RCR
|
| 942 |
|
|
|c BK
|